00362nam a2200145Ia 4500003000500000008004100005020001800046040001900064082000700083100002200090245004300112260004100155300000800196546001200204STCL181203s9999 xx 000 0 und d a9789352601738 aSTCLbENcSTCL 222 aBanwell, Colin N. 0aFundamentals of Molecular Spectroscopy bMcGraw Hill EducationaChennaic2017 a308 aEnglish